000 00822nam a22002537a 4500
008 130620b xxu||||| |||| 00| 0 eng d
020 _a978-0-7817-9543-2
024 _cAvailable
037 _cAvailable
040 _aMBSTU LIBRARY
_dMBSTU LIBRARY
082 _222
_a571.96 LIP
110 _aThao Doan MD., Roger Melvold, Susan Viselli and Carl Waltenbaugh.
245 _aLippincott's illustrated reviews: immunology.
250 _a1st
260 _aNew Delhi
_bWolters Kluwer Private Ltd.
_c2004
300 _a28 cm.
_b336 page
_f3
_g28 cm.
600 _2Immunology.
650 _2Immunology.
710 _aThao Doan MD., Roger Melvold, Susan Viselli and Carl Waltenbaugh.
270 _aNew Delhi
_bNew Delhi
_dIndia
365 _b3200.00
_d3200.00
942 _2ddc
_cBK
999 _c516
_d516